| 000 | 00729nam a22002177a 4500 | ||
|---|---|---|---|
| 999 |
_c166969 _d166969 |
||
| 010 | _aENG-126193 | ||
| 020 |
_a978-93-8676-155-2 _c1995.00 |
||
| 035 | _aEN-109725 | ||
| 037 | _bDBAD/PUB | ||
| 082 | _a541.38 | ||
| 100 | _aSharon, Maheshwar | ||
| 245 |
_aNuclear Chemistry/ _cby Maheshwar Sharon [and] Madhuri Sharon |
||
| 260 |
_aNew Delhi _bAne Books Pvt.Ltd. _c2017 |
||
| 270 |
_a4821,Parwana Bhawan 1st Floor 24 Ansari Road, Darya Ganj _bNew Delhi _e110002 _k+91(011)23276843,2814209 _manebookschennai.com |
||
| 300 |
_axi278p. _b24cm(hb) |
||
| 490 | _a2nd Edition | ||
| 500 | _aits include index | ||
| 700 | _aMaheshwar Sharon[and] Madhuri Sharon | ||
| 760 | _b2 | ||
| 942 |
_2ddc _cEN _h541.38 _mSHA |
||